Statistics for Current NBA Players Who Played College Basketball At UCLA

Click here to take the quiz!

General Stats

  • This quiz has been taken 49 times
    (24 since last reset)
  • The average score is 6 of 15

Answer Stats

Team Player % Correct
Oklahoma City ThunderRussell Westbrook
95%
*Cleveland CavaliersKevin Love
74%
*Los Angeles LakersLonzo Ball
68%
Indiana PacersAaron Holiday
53%
New Orleans PelicansJrue Holiday
53%
San Antonio SpursKyle Anderson
42%
Houston RocketsLuc Mbah a Moute
32%
Indiana PacersT.J. Leaf
32%
*Houston RocketsTrevor Ariza
26%
Denver NuggetsThomas Welsh
21%
Indiana PacersDarren Collison
21%
Toronto RaptorsNorman Powell
21%
Golden State WarriorsKevon Looney
11%
Minnesota TimberwolvesShabazz Muhammad
11%
Orlando MagicArron Afflalo
11%

Score Distribution

Percentile by Number Answered

Percent of People with Each Score

Your Score History

You have not taken this quiz since the last reset